000 00594nam a22001817a 4500
003 UA-OsUOA
001 14684
007 ta
008 20031016b un ||||| |||| 00| 0 ukr d
100 _aБабінець А.
942 _cSA
040 _aUA-OsUOA
_cUA-OsUOA
_dUA-OsUOA
245 _aУ Рокитному своя "Оболонь": [ Приват п-во "Оболонь", дир. якого В.Мініч]
300 _aС.4
955 _a0
773 0 _w0
_tВільне слово
_dРівне
_d2003
_g№51/52/4 лип./
650 7 _aКраєзнавча робота
_2UDC
999 _c300848
_d300848